States Obama won in 2008 - Statistics

General Stats
  • This quiz has been taken 93 times
  • The average score is 24 of 27
Answer Stats
Electoral votes (as of 2020) Answer % Correct
55 California
97%
29 New York
96%
7 Oregon
95%
12 Washington
95%
29 Florida
94%
3 Vermont
94%
18 Ohio
92%
4 Maine
91%
16 Michigan
91%
5 New Mexico
90%
10 Minnesota
88%
6 Nevada
88%
20 Pennsylvania
88%
13 Virginia
88%
10 Wisconsin
88%
4 Hawaii
87%
11 Massachusetts
87%
4 New Hampshire
87%
15 North Carolina
87%
20 Illinois
86%
14 New Jersey
86%
4 Rhode Island
86%
9 Colorado
85%
11 Indiana
78%
7 Connecticut
77%
6 Iowa
77%
1 (2nd district) Nebraska
64%
No matching quizzes found
Score Distribution
Percent of People with Each Score
Percentile by Number Answered
Your Score History
You have not taken this quiz